000 00454nam a2200181Ia 4500
003 GCL
008 140319s9999 xx 000 0 ara d
040 _aGCL /
_cGCL
082 0 4 _a956.5
_bم ح
100 1 _aمحمود صادق
245 1 0 _aحوار حول سورية /
_cمحمود صادق
260 _a[S.N] :
_bدار عكاظ ،
_c1993
300 _a253 ص
490 _a
650 0 4 _aتاريخ
650 0 4 _aسوريا
942 _2ddc
_cBK
999 _c29391
_d29391